[Event "Gibraltar Amateur op-A"]
[Site "Caleta"]
[Date "2016.01.29"]
[Round "5"]
[White "Hodgson, Jeremy K"]
[Black "Gonzalez Pabollet, Jesus Maria"]
[Result "0-1"]
[WhiteElo "1818"]
[BlackElo "1854"]
[PlyCount "184"]
[EventDate "2016.01.25"]
[EventType "swiss"]
[EventRounds "5"]
[EventCountry "GGB"]
[SourceTitle "CBM 170 Extra"]
[Source "ChessBase"]
[SourceDate "2016.02.25"]
[SourceVersion "1"]
[SourceVersionDate "2016.02.25"]
[SourceQuality "1"]

1. c4 e5 2. Nc3 Nf6 3. g3 Nc6 4. Bg2 Bc5 5. a3 0-0 6. b4 Bd4 7. Bb2 d6 8. Nf3 Bf5 9. d3 Re8 10. b5 Bxc3+ 11. Bxc3 Ne7 12. Nh4 Bc8 13. 0-0 Rb8 14. f4 Ng4 15. Qd2 exf4 16. Qxf4 f6 17. Qd2 Ng6 18. Nxg6 hxg6 19. e4 Be6 20. Rac1 Qe7 21. Bb4 Qf7 22. Bc3 Qe7 23. Bd4 Rbc8 24. Bb2 Qf7 25. h3 Ne5 26. c5 Qd7 27. c6 bxc6 28. bxc6 Nxc6 29. d4 Ne7 30. g4 Qb5 31. d5 Bd7 32. Kh1 Rb8 33. Bd4 Rb7 34. Qf2 Reb8 35. Bxa7 Rf8 36. Bd4 g5 37. Rc2 Ng6 38. Be3 Qa4 39. Rfc1 Qxa3 40. Rxc7 Rxc7 41. Rxc7 Qa1+ 42. Kh2 Qe5+ 43. Qg3 Qxg3+ 44. Kxg3 Ne5 45. Bd4 Rd8 46. Bb2 Kf8 47. Ba3 Ke7 48. Ra7 Nc4 49. Bb4 Rb8 50. Bc3 Rb3 51. Kf2 Rxc3 52. Bf1 Rc2+ 53. Kf3 Nd2+ 54. Ke2 Nxf1+ 55. Kxf1 Rc4 56. Kf2 Rxe4 57. Kf3 Rd4 58. Ra5 Rf4+ 59. Ke3 Rb4 60. Ra3 Kd8 61. Ra8+ Bc8 62. Kf2 Rb5 63. Ra7 Rb7 64. Ra5 Kc7 65. Ra3 Rb5 66. Rc3+ Rc5 67. Rd3 Bb7 68. Re3 Kd7 69. Rb3 Bxd5 70. Rb8 Rc3 71. Rb5 Bc6 72. Ra5 Rxh3 73. Ra7+ Ke6 74. Rxg7 d5 75. Rc7 Kd6 76. Rf7 Ke5 77. Re7+ Kd6 78. Rf7 Rh6 79. Ra7 Ke5 80. Ra6 Bd7 81. Kg3 Rh4 82. Ra7 Rxg4+ 83. Kf3 Rf4+ 84. Ke3 d4+ 85. Kd2 Bf5 86. Ra5+ Ke4 87. Ra7 Bg4 88. Re7+ Kd5 89. Re8 Rf2+ 90. Kc1 d3 91. Rd8+ Kc4 92. Rd6 d2+ 0-1